000 01205cam a22001934a 4500
005 20250605164134.0
008 250528s ||||||||||||||||||||||||d
035 _a18716
020 _a393055957
040 _aGR-AtMCL
_bgre
_dGR-AtMCL
_eAACR2
245 1 _aThe Economy / Old Myths and New Realities
260 _bW.W. Norton & Company,
_c1976
300 _a226
520 _aForeword, The Troubled Economy, The U.S. Economy in Transition, Inflation with All Cards Wild, Energy and the Economy and Policy, The Softening Economy and a Hardening Budget, The Case for Fiscal Stimulus, The Untimely Flight from Controls, An Open Letter to President Ford, Remarks on Inflation, Budget Cutting and Inflation, The Ford Program and Recession, The Economy in 1975, Tax Actions to Combat Recession and Converse Energy, The Dangers of an Upturn, A Liberal-Conservative Program for Expansion, Taves and the ''Capital Shortfall'', The Pace of Recovery, New York City and Fiscal Brinksmanship, Ford's Budget and the Economy, Economic Policy and a Misguided Public, The Outlook, What's Right with Economics?, Index.
700 1 _aHeller Walter H
_94969
942 _cBK
999 _c4041
_d4041